000 00751nam a22002057a 4500
999 _c5229
_d5229
005 20251125232800.0
008 s2539 th tha d
020 _a9748314324
040 _aNALT
041 _atha
050 _aJQ1745.A1 ป384ก 2539
100 0 _aประเวศ วะสี
245 1 0 _aการปฏิรูปทางการเมือง : ทางออกของประเทศไทย [2nd]
260 3 _aกรุงเทพฯ :
_bหมอชาวบ้าน,
_c2539
300 _a29 หน้า ;
_b 21 ซม.
650 0 4 _aการปฏิรูปการเมือง -- ไทย
850 _aNALT
856 4 0 _uhttps://hdl.handle.net/20.500.14156/473896
_71
942 _cGB
_2lcc